[Event "1st Guwahati GM Open 2022"]
[Site "Guwahati"]
[Date "2022.03.16"]
[Round "5.17"]
[White "Shahil Dey"]
[Black "Santanu, Borpatra Gohain"]
[Result "1-0"]
[WhiteElo "2400"]
[BlackElo "1943"]
[Annotator "TA"]
[PlyCount "132"]
[EventDate "2022.03.15"]
[EventCountry "IND"]
[SourceTitle "playchess.com"]
[Source "ChessBase"]
[SourceQuality "1"]

{[%evp 14,132,42,33,27,37,37,26,22,25,25,20,14,20,29,2,8,3,8,0,14,3,-2,-33,16,22,21,1,8,0,0,0,31,0,0,-7,72,0,6,0,28,36,52,37,39,37,39,38,56,21,53,50,39,30,59,56,83,27,61,46,51,45,58,41,73,64,96,83,118,103,112,121,114,91,93,85,172,129,157,100,153,152,164,145,139,145,143,117,165,157,159,97,165,150,154,135,208,44,177,118,155,50,89,59,118,63,91,80,194,106,143,127,206,138,528,376,383,364,515,528,1039]} 1. e4 e5 2. Nf3 Nf6 3. Nxe5 d6 4. Nf3 Nxe4 5. d4 d5 6. Bd3 Be7 7. O-O Nc6 8. Nbd2 $1 {[%mdl 4] is currently scoring better than 8.c4.} Nd6 {C42: Petroff Defence: 3 Nxe5 and unusual White 3rd moves.} 9. c3 Bf5 10. Qc2 Bxd3 {White has an edge.} 11. Qxd3 O-O 12. Ne5 Nb8 13. Re1 {[#]} Nd7 $146 ({Predecessor:} 13... c6 14. Nf1 f6 15. Nf3 Nd7 16. Ng3 Re8 17. Bf4 Nf7 18. Nf5 Bf8 19. Rxe8 Qxe8 {1-0 (51) Savon,V (2545)-Bronstein,D (2540) Odessa 1976}) 14. b3 Re8 15. c4 c6 16. Bb2 Nf6 17. f3 Nh5 18. c5 {[#]} Nb5 (18... Nf4 $1 $15 {was preferrable.} 19. Qc2 (19. Qe3 Bg5 $19) 19... Bh4) 19. Qf5 $36 {[%mdl 2048] White has good play.} Nf6 20. a4 Nc7 21. b4 g6 22. Qd3 a6 23. Nb3 Nd7 24. f4 Nxe5 (24... f5 $11 {remains equal.}) 25. fxe5 (25. dxe5 $16 {Black must now prevent f5.} Qd7 26. Rf1) 25... Qd7 26. Rf1 Bg5 27. Bc1 Ne6 28. Rf2 Qe7 29. Bxg5 Qxg5 30. Raf1 Re7 31. Rf3 Rd8 32. Rg3 Qh4 {[%cal Of7f6]} 33. Qd2 Red7 34. Qf2 {[%cal Og3g6]} Qh6 35. Qf6 (35. Nc1 $16) 35... Rb8 36. Qf3 {White is more active.} Re7 37. Qe2 Ra8 38. Qf2 Rd7 39. h4 Re8 40. Rf3 {[%cal Rf3f7]} Ree7 41. Nc1 $1 Qh5 42. Ne2 {Threatens to win with Nf4.} Qg4 43. Rg3 Qe4 44. h5 g5 (44... Re8 $16) 45. h6 (45. Re3 $1 $18 {[%cal Re3e4]} Qc2 46. h6) 45... Qg6 46. Qe3 (46. Qf6 $142) 46... Kf8 (46... Qxh6 $142 47. Nf4 Ng7) 47. Rf6 $16 Qb1+ 48. Kh2 {Rxg5 is the strong threat.} Qe4 49. Qd2 Qh4+ 50. Kg1 Ke8 (50... Nf4 $16 {might work better.} 51. Re3 Nxe2+ 52. Rxe2 Re6) 51. Rh3 Qg4 52. Rd3 (52. Qd3 $142 {[%cal Od3h7]} Qe4 53. Re3 Qxd3 54. Rxd3) 52... Kd8 (52... Kf8 $16) 53. b5 axb5 54. axb5 Ke8 (54... cxb5 $16 55. Rb3 Ke8) 55. Qb2 $2 (55. Qd1 $18) 55... Qe4 (55... Kf8 $1 $14) 56. Rff3 (56. Qc2 $1 $18) 56... g4 {[#]} 57. Rg3 ({Better is} 57. Ng3 $1 $16 Qg6 58. Rf5 (58. bxc6 bxc6 59. Rf5 Qxh6 $16)) 57... Rd8 58. Ra3 {[%cal Bd3a3,Ba3a2,Ba2f2][%mdl 32]} Qf5 {[#]} ({Black should try} 58... Kf8 $14) 59. Rge3 (59. Ra1 $1 $16) 59... Qg6 {[#]} 60. Ng3 $1 Ng5 (60... Red7 $16 {was worth a try.}) 61. Qe2 ({White should play} 61. Qf2 $18) 61... Ne6 62. Qd1 Red7 (62... Nc7 $16) 63. Ra2 Nc7 $2 {[%mdl 8192]} (63... cxb5 $16 64. Rf2 Qxh6 65. Qxg4 Ra8 66. Qg8+ Qf8 67. Qxh7 Ra1+ 68. Kh2 Kd8) 64. b6 Ne6 65. Rf2 {Hoping for Nf5.} Ra8 (65... Qxh6 {is a better defense.} 66. Qxg4 Qg5 67. Qxg5 Nxg5) 66. Nf5 $18 Rad8 {Weighted Error Value: White=0.23 (precise) /Black=0.26 (precise)} 1-0

[Event "1st Guwahati GM Open 2022"]
[Site "Guwahati"]
[Date "2022.03.16"]
[Round "5.19"]
[White "Sparsh Khandelwal"]
[Black "Dhananjay S"]
[Result "0-1"]
[WhiteElo "1927"]
[BlackElo "2310"]
[Annotator "TA"]
[PlyCount "142"]
[EventDate "2022.03.15"]
[EventCountry "IND"]
[SourceTitle "playchess.com"]
[Source "ChessBase"]
[SourceQuality "1"]

{[%evp 12,142,12,6,-2,-16,-20,-23,-20,-36,-36,-29,-31,-28,-29,-30,-28,-32,-31,-35,-34,-56,-40,-56,-61,-58,-50,-67,-52,-62,-50,-60,-52,-66,-66,-68,-49,-57,0,-64,-61,-69,-73,-73,-66,-86,-70,-71,-65,-68,-65,-64,0,-75,-61,-67,-64,-66,-57,-74,-73,-90,-64,-67,-61,-66,-60,-63,-41,-62,-65,-82,-80,-65,-84,-92,-87,-90,-84,-94,-70,-104,-84,-84,-71,-100,-97,-108,-68,-94,-70,-123,-89,-91,-79,-83,-82,-81,-77,-94,-62,-62,-34,-34,-34,-34,-37,-37,-30,-30,-30,-30,-30,-30,-30,-81,-30,-30,-8,-30,-8,-14,-14,-86,-56,-227,-241,-767,-739,-762,-727,-729,-610]} 1. e4 c5 2. c3 d5 3. exd5 Qxd5 4. d4 g6 5. Nf3 Bg7 6. Be3 cxd4 7. cxd4 Qa5+ {B06: Modern Defence.} 8. Qd2 Qxd2+ 9. Nbxd2 {[#]} Nf6 $146 {Black has an edge.} ({Predecessor:} 9... Nh6 10. Bb5+ Bd7 11. Bxd7+ Nxd7 12. Rc1 Nf5 13. Ne4 Nb6 14. Rc7 Rb8 15. Nc5 Nd6 {0-1 (45) Vidmar,K (1821)-Kuhar,L (1907) Dobrna 2019}) 10. Ne5 O-O 11. Bc4 $1 Nbd7 12. Ndf3 Nb6 13. Bb3 Bf5 {[%cal Bc8f5,Bf5e4,Be4d5][%mdl 32]} 14. O-O Be4 15. Rac1 Bd5 16. Rc7 Rab8 17. h3 (17. Rxe7 Bxb3 18. axb3 Nfd5 $17) 17... Bxb3 18. axb3 Nbd5 19. Rcc1 Rbd8 20. Rfe1 h6 21. Bd2 Rc8 22. Be3 Rfd8 23. Kf1 Nh5 {[%cal Oh5g3]} 24. Nd3 Nhf6 25. Nde5 $1 e6 26. Bd2 Rxc1 27. Rxc1 Ne4 28. Be3 g5 29. Ke2 Nd6 30. Nc4 Nb5 31. Na3 Nd6 32. Nc4 Nf5 33. Nce5 f6 34. Nd3 Kf7 35. Bd2 Bf8 36. g4 Nd6 37. Nb4 Nb6 38. Nd3 Nb5 {Prevents Rc7+.} 39. Ba5 Ra8 ({Reject} 39... Nxd4+ 40. Nxd4 Rxd4 41. Rc7+ Kg6 42. Bxb6 axb6 43. Rxb7 $11) 40. Nc5 Rc8 $1 {[%cal Ob5d4]} 41. Nd3 Rxc1 42. Nxc1 Nd5 43. Nd3 b6 44. Bd2 Bd6 45. Be3 Kg6 46. Bd2 Kg7 47. Be3 Ne7 48. Bd2 Nc6 49. Bc3 Kf7 50. Ke3 Kg6 51. Ke2 (51. Ng1 $15) 51... a5 52. Nde1 h5 {Black is more active.} 53. Nc2 h4 54. Ne3 Ne7 55. Kd3 f5 56. Nc4 Nd5 57. Nfe5+ Bxe5 58. Nxe5+ $15 {[%mdl 4096] Endgame KBN-KNN} Kf6 59. Bd2 fxg4 60. Nxg4+ Kf5 61. Nh6+ $1 Kg6 62. Ng4 Nd6 63. Bc1 {[#]} (63. Be3 $11) 63... Nb4+ {Pair of Knights!} ({Black should try} 63... Nf6 $1 $17 {[%cal Rf6g4] And now ...Nxg4 would win.} 64. f3 Nd5) 64. Ke2 $11 Nf5 65. Be3 Nd5 66. Ne5+ Kh5 67. Ng4 (67. Kf3 $1 $11 {remains equal.}) 67... Nfe7 ({Of course not} 67... Nfxe3 68. fxe3 b5 69. Kf3 $11) 68. Ne5 $2 {[#] Now White is beyond hope.} ({Better is} 68. Kf3 $15) 68... Ng6 $1 $19 {...Nxe5 is the strong threat.} 69. Nxg6 $2 (69. Nd3 g4 70. hxg4+ Kxg4 71. f3+ Kh3 72. Bf2) 69... Kxg6 {Black is clearly winning.} 70. Bd2 Kf5 71. Kf3 Nf4 {Weighted Error Value: White=0.07 (flawless) /Black=0.10 (very precise)} 0-1

[Event "1st Guwahati GM Open 2022"]
[Site "Guwahati"]
[Date "2022.03.16"]
[Round "5.20"]
[White "Garv Rai"]
[Black "Sangma, Rahul"]
[Result "1/2-1/2"]
[WhiteElo "1869"]
[BlackElo "2286"]
[Annotator "TA"]
[PlyCount "52"]
[EventDate "2022.03.15"]
[EventCountry "IND"]
[SourceTitle "playchess.com"]
[Source "ChessBase"]
[SourceQuality "1"]

{[%evp 9,52,-2,-7,-9,0,0,8,2,45,45,49,50,81,76,90,18,23,23,61,61,61,71,75,61,60,60,58,0,0,-12,0,0,-25,0,0,0,0,-2,-37,-34,-20,-29,325,330,251]} 1. d4 Nf6 2. Bf4 g6 3. Nc3 d5 4. e3 c6 5. h4 Bg7 6. Nf3 {A45: Trompowsky Attack.} h5 7. Ne5 Nfd7 8. Nd3 {[#] The position is equal.} b5 $146 (8... a5 $11 {might be stronger.}) ({Predecessor:} 8... Na6 9. Be2 Nc7 10. Qd2 Ne6 11. Bh2 Qa5 12. a3 Qd8 13. Bf3 a5 14. Ne2 a4 {1-0 (52) Nihal,S (2606)-Firouzja,A (2682) Xingtai 2019}) 9. a4 $14 b4 10. Nxb4 e5 11. dxe5 {White is more active.} Nxe5 {[#]} 12. Nd3 (12. Nbxd5 $1 $16 {And now Bg5 would win.} cxd5 (12... O-O 13. Nb4) 13. Qxd5 Qxd5 14. Nxd5) 12... Nc4 {[%cal Oc4b2]} 13. Ne2 Nxb2 14. Nxb2 Bxb2 15. Rb1 Qf6 16. c3 Bxc3+ 17. Nxc3 Qxc3+ 18. Ke2 (18. Qd2 $14 Qxd2+ 19. Kxd2) 18... O-O $11 19. f3 Bf5 20. Rc1 $36 {[%mdl 2048] White has good play.} Qb2+ 21. Qd2 Qxd2+ 22. Kxd2 a5 23. Bd3 Bxd3 24. Kxd3 Rc8 25. g4 f5 $2 {[%mdl 8192]} (25... hxg4 $11 26. fxg4 Nd7) 26. gxh5 $18 gxh5 {[%mdl 32768] Weighted Error Value: White=0.11 (very precise) /Black=0.44. An unexpected result.} 1/2-1/2

[Event "1st Guwahati GM Open 2022"]
[Site "Guwahati"]
[Date "2022.03.17"]
[Round "6.1"]
[White "Das, Sayantan"]
[Black "Ratnakaran, K.."]
[Result "1/2-1/2"]
[WhiteElo "2459"]
[BlackElo "2316"]
[Annotator "TA"]
[PlyCount "134"]
[EventDate "2022.03.15"]
[EventCountry "IND"]
[SourceTitle "playchess.com"]
[Source "ChessBase"]
[SourceQuality "1"]

{[%evp 10,134,5,0,20,22,21,7,31,34,29,24,108,84,117,110,110,110,110,116,240,243,257,253,248,248,320,335,318,311,486,474,470,449,436,324,331,247,238,191,444,231,271,251,345,347,388,362,358,356,429,420,472,491,497,513,506,516,472,504,485,469,564,491,502,397,515,508,539,532,581,632,527,535,689,684,691,691,688,672,632,375,188,331,460,0,0,0,473,257,379,374,467,441,444,204,523,507,535,95,273,170,371,0,16,0,0,0,0,0,0,0,0,0,0,0,0,0,0,0,0,0,0,0,0,0,0]} 1. e4 e6 2. d4 d5 3. Nc3 Nf6 4. e5 Nfd7 5. f4 c5 6. Nf3 Be7 {C11: French: Classical System: 4 e5 and 4 Bg5 dxe4.} 7. Be3 b6 8. Qd2 Nc6 9. Bb5 {9.Nd1 is not played anymore.} Bb7 10. O-O-O {[#]} c4 $146 (10... Rc8 $11 {keeps the balance.}) ({Predecessor:} 10... Qc7 11. f5 cxd4 12. Nxd4 Nxd4 13. Qxd4 Bc5 14. Qf4 O-O-O 15. Bxd7+ Rxd7 16. fxe6 fxe6 {1-0 (32) Kollars,D (2622)-Dann,M (2482) Sitges 2021}) 11. f5 $1 $16 a6 12. Bxc6 Bxc6 13. fxe6 {White is more active.} fxe6 14. Ng5 Nf8 (14... Bxg5 $16 15. Bxg5 Qc7) 15. Rhf1 $18 Bxg5 16. Bxg5 Qd7 17. Qe2 $1 h6 18. Qh5+ g6 19. Qh3 h5 (19... Nh7 {might work better.}) 20. Rf6 O-O-O 21. Rdf1 Qe8 22. Ne2 {[%cal Og5h6]} Kb7 23. Nf4 {[%cal Rf4e6]} Rc8 24. Qa3 Bd7 $2 (24... Rh7 25. Kb1 Bb5) 25. Rf3 (25. Nh3 $142) 25... Nh7 26. Rxg6 {aiming for Be7.} c3 27. Rxc3 Rxc3 28. Qxc3 Nxg5 29. Rxg5 Qe7 30. h4 Rc8 31. Qd2 Be8 32. b3 a5 33. Nxh5 Bxh5 34. Rxh5 {[%mdl 4096] Endgame KQR-KQR} a4 35. Rh6 a3 36. Rf6 Qh7 37. Rf4 Rc7 38. Qf2 Ka6 39. Kd1 b5 40. g4 Rc3 41. h5 Kb6 42. Rf3 Rc6 43. Qe2 Qg7 44. Rf6 Qg5 45. Rf8 Rc3 {[#]} 46. Rf3 {Prevents Re3.} Rc6 47. Rf8 $2 (47. Qg2 $18) 47... Rc3 $1 $11 48. Rf3 $2 {[%mdl 8192]} (48. Rf1 $11 Rg3 49. Qe1 Qxg4+ 50. Kc1) 48... Rc6 $1 $18 49. Rd3 (49. Qg2 $142) 49... Qh4 (49... Qf4 $142 50. b4 Rc8) 50. Qg2 Rc7 51. Rf3 Rg7 52. Rf4 ({Not} 52. Rf6 Rxg4 53. Rxe6+ Ka7 $11) (52. Rh3 $142 Qg5 53. Qf3) 52... Rg5 $2 (52... b4 {is tougher.} 53. Kd2 Qg5) 53. Ke2 Rg8 54. Kf1 $2 (54. c4 $18) 54... Qg5 $2 (54... b4 $16 55. Ke2 Ka5) 55. Qf2 Rc8 {[#] To avoid c4} (55... b4 56. Qd2 Ka5) 56. Kg1 $2 ({Only move:} 56. c4 $1 $18 {[%cal Rc4c5]}) 56... Rc3 {The position is equal.} 57. Kg2 {b4 is the strong threat.} b4 58. Kg1 Ka5 59. Qh2 Qh6 $1 60. Rf2 {Strongly threatening Qf4.} Qc1+ 61. Kg2 Qe3 {White must now prevent ...Qe4+.} 62. Qh4 {Threatens to win with g5.} Qe4+ 63. Kh2 {And now Qd8+ would win.} Qxd4 64. h6 Qxe5+ 65. Kh1 Qe1+ 66. Kh2 {Hoping for Qd8+.} Qe5+ 67. Kh1 Qe1+ {Black escapes into a draw.  Weighted Error Value: White=0.21 (precise) /Black=0.44} 1/2-1/2

[Event "1st Guwahati GM Open 2022"]
[Site "Guwahati"]
[Date "2022.03.17"]
[Round "6.2"]
[White "Iniyan, P."]
[Black "Ponkratov, Pavel"]
[Result "1/2-1/2"]
[WhiteElo "2516"]
[BlackElo "2641"]
[Annotator "TA"]
[PlyCount "64"]
[EventDate "2022.03.15"]
[EventCountry "IND"]
[SourceTitle "playchess.com"]
[Source "ChessBase"]
[SourceQuality "1"]

{[%evp 15,64,10,19,-12,-12,0,39,29,29,0,0,0,11,0,0,-9,0,11,22,44,77,-17,-12,-10,-16,-14,0,0,0,-36,-34,-33,-33,-31,-30,-26,-22,-53,-64,-61,-64,-88,-42,-45,-46,-41,0,0,0,-55,0]} 1. e4 e6 2. d4 d5 3. Nc3 Bb4 4. e5 c5 5. a3 Bxc3+ 6. bxc3 Nc6 7. a4 Nge7 8. Nf3 Bd7 9. h4 {C19: French: 3 Nc3 Bb4: Main line: 7 Nf3 and 7 a4.} Qa5 10. Qd2 c4 11. h5 {White is slightly better.} h6 {[#]} 12. Bb2 $146 ({Predecessor:} 12. Be2 O-O-O 13. Ba3 f6 14. O-O fxe5 15. Nxe5 Nxe5 16. Bxe7 Rde8 17. Bb4 Qc7 18. dxe5 Qxe5 19. f4 Qf6 20. Bf3 Reg8 21. Bd6 {1-0 (21) Zhang,A (2077)-Karthik,D (1467) Chess.com INT 2020}) 12... f6 13. Be2 Qc7 {[%cal Rf6e5]} 14. Qe3 Nf5 15. Qf4 O-O 16. Qh2 Qb6 17. Bc1 {[%cal Oa4a5]} fxe5 {[#] And now ...Qa5 would win.} 18. dxe5 (18. a5 $1 $16 {[%cal Ra5b6]} Qc7 19. Nxe5) 18... Qa5 $11 19. Bd2 d4 $1 $36 {[%mdl 2048] Black has the initiative.} 20. Nxd4 ({Much worse is} 20. Bxc4 dxc3 21. Bc1 Rac8 $17) ({Reject} 20. cxd4 c3 21. Be3 Nb4 $17) 20... Nfxd4 21. cxd4 Qd5 22. c3 {[#] Threatens to win with Qg3.} (22. O-O $5 {[%cal Rc2c3]}) 22... Nxd4 $1 23. cxd4 Qxd4 24. O-O $1 Qxd2 25. Bxc4 {aiming for Rad1.} Qd4 26. Rad1 Qxc4 27. Rxd7 Rad8 28. Rxb7 {[#]} Rxf2 $1 29. Rxg7+ $1 $15 Kh8 {[%csl Gf2][%cal Rc4f1]} 30. Rg8+ $1 Kh7 {[%csl Gc4][%cal Rf2f1][%mdl 1024] Black has compensation.} 31. Rg7+ $1 Kh8 {[%csl Gf2][%cal Rc4f1]} 32. Rg8+ $1 Kh7 {Weighted Error Value: White=0.16 (very precise) /Black=0.10 (very precise)} (32... Rxg8 $15 33. Rxf2 Qc1+ 34. Rf1 Qe3+ 35. Kh1 Rg4) 1/2-1/2

[Event "1st Guwahati GM Open 2022"]
[Site "Guwahati"]
[Date "2022.03.17"]
[Round "6.3"]
[White "Delgado Ramirez, Neuris"]
[Black "Mirzoev, Azer"]
[Result "1-0"]
[WhiteElo "2615"]
[BlackElo "2468"]
[Annotator "TA"]
[PlyCount "71"]
[EventDate "2022.03.15"]
[EventCountry "IND"]
[SourceTitle "playchess.com"]
[Source "ChessBase"]
[SourceQuality "1"]

{[%evp 13,71,0,12,0,9,6,12,0,17,13,38,0,0,0,14,11,16,17,19,18,43,44,37,49,54,53,97,105,122,118,207,222,410,408,514,518,513,491,470,455,638,637,700,698,673,669,666,589,756,755,726,692,734,710,1512,1440,29990,29991,29991,2834]} 1. e4 e5 2. Nf3 Nf6 3. Nxe5 d6 4. Nf3 Nxe4 5. Bd3 Nf6 6. O-O Be7 7. h3 O-O 8. Re1 {C42: Petroff Defence: 3 Nxe5 and unusual White 3rd moves.} Re8 9. c3 Nbd7 10. Bc2 {The position is equal.} b6 11. d4 Bb7 12. Be3 $5 {[%mdl 4] Recently 12.Bf4 got a lot of attention. An interesting side line.} Bf8 13. Nbd2 {[%cal Bb1d2,Bd2f1,Bf1g3,Bg3h5,Bh5f6][%mdl 32] [#]} h6 $146 ({Predecessor:} 13... g6 14. Bb3 Bg7 15. a4 a6 16. Qb1 d5 17. Qa2 b5 18. Bc2 c6 19. Bf4 Nh5 {1-0 (31) Gonzalez Vidal,Y (2456)-Valdes Romero,L (2408) Santa Clara 2003}) 14. Nf1 a6 15. Ng3 b5 16. Nh2 Nb6 17. Ng4 Nxg4 18. Qxg4 {aiming for Nf5.} Bc8 19. Qf3 Be6 {White now steadily converts the win.} (19... g6 $14) 20. Nh5 $1 $16 {[%cal Oe3h6] White is more active.} ({Much worse is} 20. Qe4 $6 g6 21. Qf3 Bd5 $11) 20... Qh4 21. Bxh6 $1 $40 {[%mdl 128] Threatens to win with Re4. White wants a kill.} gxh6 (21... Bd7 $16 {was necessary.}) 22. Re4 $18 Qg5 (22... Qe7) 23. h4 $1 Qg6 24. Nf6+ Kg7 {[#]} 25. Rxe6 {[%mdl 512]} Rxe6 26. Bxg6 Rxf6 (26... fxg6 $142 27. Nd7 d5 28. Nxb6 Rxb6 29. Qxd5 Re8) 27. Bf5 Re8 28. g4 {[%cal Bg2g4,Bg4g5,Bg5h6][%mdl 32]} d5 29. g5 Rd6 30. b3 Re7 31. Kh1 {Hoping for Rg1.} Kh8 32. Rg1 Bg7 33. Qd1 Rd8 34. gxh6 Bf6 35. Qg4 Ree8 36. Bd3 {Weighted Error Value: White=0.07 (flawless) /Black=0.59} (36. Qh5 $142 Nd7 37. h7 Re7 38. Qg4 Ree8 39. Bxd7 Rf8 {[#]} 40. Qf4 $1 Bxd4 41. cxd4 f6 42. Qg3 $1 Rxd7 43. Qg8+ Rxg8 44. hxg8=Q#) 1-0

[Event "1st Guwahati GM Open 2022"]
[Site "Guwahati"]
[Date "2022.03.17"]
[Round "6.4"]
[White "Rios, Cristhian Camilo"]
[Black "Stany, G.A."]
[Result "1-0"]
[WhiteElo "2449"]
[BlackElo "2517"]
[Annotator "TA"]
[PlyCount "123"]
[EventDate "2022.03.15"]
[EventCountry "IND"]
[SourceTitle "playchess.com"]
[Source "ChessBase"]
[SourceQuality "1"]

{[%evp 10,123,17,14,23,0,5,0,0,-33,-27,-43,-50,-68,-18,-8,0,-84,-71,-56,-45,-54,-43,-81,-58,-128,-133,-136,-120,-131,-126,-116,-91,-85,-80,-66,-72,-74,-86,-67,-99,-129,-121,-124,-82,-206,-216,-260,-247,-254,-243,-243,-190,-312,-315,-711,-556,-1083,-265,-802,-333,-432,-414,-369,-162,-160,-161,-162,-162,-162,-108,-118,-108,-102,-97,-100,-120,-150,-141,-224,-219,-252,-208,-204,-169,-179,-142,-141,-141,-139,-137,-127,-8,-8,-8,-8,-8,-8,0,0,0,-22,-22,-114,-22,-22,-22,-22,29982,29983,29983,29984,29984,29985,29985,29985]} 1. c4 Nf6 2. Nc3 d5 3. cxd5 Nxd5 4. Nf3 g6 5. Qa4+ Nc6 6. Ne5 Qd6 {A16: English Opening: 1...Nf6 with ...d5.} 7. Nxc6 Qxc6 8. Qd4 Nxc3 {The position is equal.} 9. bxc3 (9. Qxh8 $2 Nxa2 $1 10. b3 Nxc1 $19) (9. dxc3 $5 {[%cal Rd4h8]} f6 10. e4 $11) 9... f6 10. e4 e5 {[#]} 11. Qe3 $146 ({Predecessor:} 11. Qc4 Bc5 12. a4 Qb6 13. Qe2 {½-½ (13) Karasev,V (2367)-Borisovsky,D (2298) St Petersburg 2016}) 11... Bc5 (11... Be6 $15) 12. d4 $11 Bb6 $36 {[%mdl 2048] Black has the initiative.} 13. Be2 (13. a4 $11 Qd6 14. Bb2) 13... Be6 $1 $17 14. O-O Bc4 15. Bxc4 Qxc4 16. Qf3 O-O-O 17. a4 (17. Qxf6 exd4 18. Bd2 Rhe8 $17) ({White should play} 17. dxe5 $15 fxe5 18. Be3) 17... exd4 18. a5 Bc5 (18... Qxc3 19. Qxc3 dxc3 20. axb6 axb6 21. e5 $16) 19. cxd4 Bxd4 20. Rb1 Rhe8 {[%cal Oe8e4]} 21. Bf4 Qe6 ({Don't take} 21... Rxe4 22. Rbc1 Rxf4 23. Qxf4 $18 (23. Rxc4 Rxf3 24. gxf3 c5 $17) (23. Qh3+ Kb8 $11)) 22. Rfc1 c5 23. e5 {[%csl Gb1][%cal Rf3b7]} Rd7 24. exf6 Qxf6 25. Rb5 {[%cal Oa5a6] a6! is the strong threat.} Re6 26. h4 {To avoid g5} a6 ({Much worse is} 26... Qxh4 $6 27. Rcxc5+ Bxc5 28. Rxc5+ Rc6 29. Rxc6+ bxc6 30. Qxc6+ Kd8 31. Bd6 $11) (26... Qf5 $142 27. Kh2 a6) 27. Rb3 (27. Rbxc5+ $17 Bxc5 28. Rxc5+ Rc6 29. Rxc6+ Qxc6 30. Qe2) 27... Qxh4 $19 28. Bg3 Qf6 29. Qg4 h5 30. Qh3 Qf5 31. Qh4 (31. Qxf5 {was worth a try.} gxf5 32. Kf1) 31... Re4 32. Qh2 (32. Qh3) 32... Rde7 {( -> ...Re1+)} 33. Kf1 {To avoid Re1+} Qe6 $2 (33... g5 34. Qh3 g4) 34. Rbb1 $2 (34. Qh3) 34... Qf6 (34... h4 $142 35. Bd6 Rf7) 35. f3 R4e6 {Strongly threatening ...Qf5.} 36. Qh3 Qf5 (36... g5 $142 {aiming for ...Qg6.} 37. Bf2 Bxf2 38. Kxf2 Qd4+ 39. Kf1 Kb8 40. Qg3+ Re5) 37. Qxf5 gxf5 38. Bf2 Bxf2 39. Kxf2 {[%mdl 4096] Endgame KRR-KRR} Rc6 ({Better is} 39... Re2+ $19 40. Kf1 R2e5) 40. Rc4 $17 Kc7 41. Rh1 Rh7 42. Kg3 Kd6 43. Rd1+ Ke5 44. f4+ (44. Rd2 $17 {keeps fighting.}) 44... Ke6 $1 $19 45. Kh4 Rd7 46. Re1+ Kf6 47. Re5 Rd4 48. Rxd4 cxd4 $17 {KR-KR} 49. Rd5 {Prevents Rd6.} Rc4 {Hoping for ...Ke6.} 50. Kxh5 Rb4 (50... Ra4 $17 {White must now prevent ...Ke6.} 51. g4 Ke6) 51. g4 $11 fxg4 52. Kxg4 Ke6 53. Rd8 Ra4 54. f5+ Kf6 55. Rd6+ Ke5 56. Re6+ Kd5 {Threatens to win with ...d3+.} 57. Re7 $1 d3+ 58. Kf3 Kc4 $2 {[%mdl 8192] [#]} (58... Kc6 $11 59. Ke3 Rxa5) 59. Re4+ $1 {White mates.} Kb3 60. Rxa4 Kxa4 {[#]} 61. Ke3 $1 Kb4 62. Kxd3 {Never resign too early!  Weighted Error Value: White=0.40/Black=0.51} 1-0

[Event "1st Guwahati GM Open 2022"]
[Site "Guwahati"]
[Date "2022.03.17"]
[Round "6.5"]
[White "Visakh N R"]
[Black "Kaustuv, Kundu"]
[Result "0-1"]
[WhiteElo "2522"]
[BlackElo "2308"]
[Annotator "TA"]
[PlyCount "102"]
[EventDate "2022.03.15"]
[EventCountry "IND"]
[SourceTitle "playchess.com"]
[Source "ChessBase"]
[SourceQuality "1"]

{[%evp 16,102,8,0,0,8,19,11,0,22,15,32,29,26,0,0,0,0,0,0,0,0,0,0,0,0,127,-10,-15,-25,-27,-28,0,0,0,-36,23,22,31,-68,-60,-50,-65,-197,-204,-215,-218,-222,-222,-196,-231,-347,-326,-534,-502,-530,-524,-762,-754,-734,-538,-521,-513,-491,-504,-480,-471,-755,-788,-750,-741,-741,-727,-935,-897,-902,-856,-1060,-1081,-1871,-1736,-1609,-1510,-29974,-29976,-29979,-29980,-29989,-29990]} 1. d4 d5 2. c4 e6 3. Nf3 a6 4. g3 dxc4 5. Bg2 Nc6 6. O-O Rb8 7. e4 Nf6 8. Nc3 Be7 9. Qe2 b5 {9...Nxd4 is vanishing. E04: Open Catalan: 5 Nf3.} 10. Rd1 O-O 11. d5 exd5 {And now ...d4 would win. The position is equal.} 12. e5 $1 d4 13. exf6 Bxf6 14. Qe4 {Prevents Bf5.} Bb7 15. Nd5 Nb4 $1 16. Nxf6+ Qxf6 17. Qf4 ({Of course not} 17. Qxd4 Rfd8 18. Qxd8+ Rxd8 $17) 17... c5 $1 18. Qxf6 gxf6 19. Bf4 Rbd8 20. Bc7 Rd7 {[#]} (20... Rc8 $1 $11 {keeps the balance.} 21. Bd6 Rfd8) 21. Ba5 $146 (21. Bb6 $1 $16 {[%cal Rb6c5]}) ({Predecessor:} 21. Bb6 Nd3 22. Rxd3 cxd3 23. Bxc5 Re8 24. Nd2 Bxg2 25. Kxg2 Re2 26. Rd1 a5 27. a3 {½-½ (92) Trost,E (2184)-Agmanov,Z (2404) Belgrade 2021}) 21... Nd3 $11 22. b3 Re8 23. Rab1 Re2 24. bxc4 Rxa2 25. Bd2 {A strong pair of Bishops.} bxc4 (25... Bxf3 $15 26. Bxf3 Ne5) 26. Bh6 {[%cal Of3d4] Nxd4! is the strong threat.} Rb2 {[%cal Oc4c3] White must now prevent ...c3! Really sharp!} (26... Nxf2 $2 27. Re1 Rd8 28. Rxb7 $18) (26... Rxf2 $2 27. Bh3 $1 Rd8 28. Rxb7 $18 (28. Ne1 Rb2 $11)) 27. Ne1 (27. Nd2 $14 c3 28. Rxb2 Nxb2 29. Re1) 27... Rxb1 $1 $15 {Black is much more active.} 28. Rxb1 Nb4 29. Bxb7 {This costs White the game.} ({White should play} 29. Nc2 $15 Bxg2 30. Nxb4 cxb4 31. Rxb4) 29... Rxb7 $19 30. Nf3 c3 31. Re1 {[%cal Re1e8]} Rb8 {Inhibits Re8+.} 32. Re4 {[#]} f5 {Prevents Rg4+.} 33. Re5 (33. Re7 {was the only chance.} Nd3 34. Kg2) 33... Nd3 ({Stronger than} 33... d3 34. Rxc5 Na2 35. Ra5 $11) 34. Rxf5 (34. Re7) 34... Rb6 35. Rg5+ Rg6 {Hoping for ...a5.} 36. Rxg6+ fxg6 37. Kf1 c2 {Threatens to win with ...a5.} 38. Ke2 c1=Q 39. Bxc1 Nxc1+ {[%mdl 4096] Endgame KN-KN} 40. Kd2 Nb3+ 41. Kd3 (41. Kc2 $142 c4 42. Ne5) 41... a5 42. Ne5 a4 {Strongly threatening ...a3.} 43. Nc4 Kf7 44. f4 Ke6 45. g4 Nc1+ 46. Ke4 Ne2 47. f5+ gxf5+ 48. gxf5+ Kf6 49. Kd5 d3 {[%cal Bd4d3,Bd3d2][%mdl 32] Black mates.} 50. Ke4 a3 51. Nxa3 d2 {Weighted Error Value: White=0.54/Black=0.15 (very precise)} 0-1